Inventarizácia majetku účtovnej jednotky

Podľa zákona č.431/2002 Z.z. o účtovníctve v znp., predmetom účtovníctva je zisťovanie skutočnosti o stave a pohybe majetku, o stave a pohybe záväzkov, rozdiele majetku a záväzkov, výnosoch, nákladoch, príjmoch, výdavkoch, výsledku hospodárenia účtovnej jednotky. Účtovná jednotka je povinná účtovať...

Full description

Saved in:
Bibliographic Details
Main Author: Hvojníková, Jana
Format: Book Chapter
Language:Slovak
Subjects:
Tags: Add Tag
No Tags, Be the first to tag this record!

MARC

LEADER 00000naa a2200000 4500
001 0268507
005 20200918143133.4
041 0 |a slo 
044 |a SK 
245 1 0 |a Inventarizácia majetku účtovnej jednotky  |c Jana Hvojníková 
520 |a Podľa zákona č.431/2002 Z.z. o účtovníctve v znp., predmetom účtovníctva je zisťovanie skutočnosti o stave a pohybe majetku, o stave a pohybe záväzkov, rozdiele majetku a záväzkov, výnosoch, nákladoch, príjmoch, výdavkoch, výsledku hospodárenia účtovnej jednotky. Účtovná jednotka je povinná účtovať tak, aby účtovná závierka poskytovala verný a pravdivý obraz o skutočnostiach, ktoré sú predmetom účtovníctva, a o finančnej situácii účtovnej jednotky. Zobrazenie v účtovnej závierke je pravdivé, ak sú pri ňom použité účtovné zásady a účtovné metódy, ktoré vedú k dosiahnutiu verného zobrazenia skutočností v účtovnej závierke. Inventarizáciou sa overuje, či stav majetku, záväzkov a rozdielu majetku a záväzkov v účtovníctve zodpovedá skutočnosti. 
610 2 0 |a jednotka účtovná 
610 2 0 |a účtovníctvo 
610 2 0 |a majetok 
610 2 0 |a závierka účtovná 
610 2 0 |a inventarizácia 
100 1 |a Hvojníková, Jana